<?xml version="1.0" encoding="UTF-8"?>
<collection xmlns="http://www.loc.gov/MARC21/slim">
 <record>
  <leader>00956nam a22002297a 4500</leader>
  <controlfield tag="001">AAL6855</controlfield>
  <controlfield tag="003">BD-DhAAL</controlfield>
  <controlfield tag="005">20160301120525.0</controlfield>
  <controlfield tag="008">160301s    2002bg a|||| |||| 00| 0 ben d</controlfield>
  <datafield tag="020" ind1=" " ind2=" ">
   <subfield code="a">9847761108</subfield>
  </datafield>
  <datafield tag="040" ind1=" " ind2=" ">
   <subfield code="a">BD-DhAAL</subfield>
   <subfield code="c">BD-DhAAL</subfield>
  </datafield>
  <datafield tag="082" ind1=" " ind2=" ">
   <subfield code="a">401/.9 </subfield>
  </datafield>
  <datafield tag="100" ind1=" " ind2=" ">
   <subfield code="a"> হাসান, খন্দকার মাহমুদুল</subfield>
   <subfield code="9">18265</subfield>
  </datafield>
  <datafield tag="245" ind1=" " ind2=" ">
   <subfield code="a">ভাষা ও বর্ণমালার ইতিহাস /</subfield>
   <subfield code="c">খন্দকার মাহমুদুল হাসান</subfield>
  </datafield>
  <datafield tag="260" ind1=" " ind2=" ">
   <subfield code="a">ঢাকা :</subfield>
   <subfield code="b">ঐতিহ্য, </subfield>
   <subfield code="c">২০০২</subfield>
  </datafield>
  <datafield tag="300" ind1=" " ind2=" ">
   <subfield code="a">১১৮ পৃ. :</subfield>
   <subfield code="b">চিত্র ;</subfield>
   <subfield code="c">২২ সে.মি.</subfield>
  </datafield>
  <datafield tag="541" ind1=" " ind2=" ">
   <subfield code="e">6855</subfield>
  </datafield>
  <datafield tag="650" ind1=" " ind2=" ">
   <subfield code="a">Language and languages--Origin.</subfield>
   <subfield code="9">18266</subfield>
  </datafield>
  <datafield tag="852" ind1=" " ind2=" ">
   <subfield code="a">Savar Campus Library </subfield>
   <subfield code="c">General Stacks</subfield>
  </datafield>
  <datafield tag="942" ind1=" " ind2=" ">
   <subfield code="2">ddc</subfield>
   <subfield code="c">BK</subfield>
  </datafield>
  <datafield tag="999" ind1=" " ind2=" ">
   <subfield code="c">36970</subfield>
   <subfield code="d">36970</subfield>
  </datafield>
  <datafield tag="952" ind1=" " ind2=" ">
   <subfield code="0">0</subfield>
   <subfield code="1">0</subfield>
   <subfield code="2">ddc</subfield>
   <subfield code="4">0</subfield>
   <subfield code="6">401_000000000000000__9_HAS</subfield>
   <subfield code="7">0</subfield>
   <subfield code="9">58225</subfield>
   <subfield code="a">SCL</subfield>
   <subfield code="b">SCL</subfield>
   <subfield code="c">GEN</subfield>
   <subfield code="d">2016-03-01</subfield>
   <subfield code="g">110.00</subfield>
   <subfield code="l">0</subfield>
   <subfield code="o">401.9 HAS</subfield>
   <subfield code="p">3020006855</subfield>
   <subfield code="r">2016-03-01</subfield>
   <subfield code="t">1</subfield>
   <subfield code="w">2016-03-01</subfield>
   <subfield code="y">BK</subfield>
  </datafield>
 </record>
</collection>
